[Event "Torino Province-ch"]
[Site "Torino"]
[Date "2016.02.23"]
[Round "5"]
[White "Di Chiara, Mauro"]
[Black "D'India, Bruno"]
[Result "1-0"]
[WhiteElo "1936"]
[BlackElo "1758"]
[PlyCount "91"]
[EventDate "2016.01.26"]
[EventType "swiss"]
[EventRounds "7"]
[EventCountry "ITA"]
[SourceTitle "EXT 2018"]
[Source "ChessBase"]
[SourceDate "2017.10.13"]
[SourceVersion "1"]
[SourceVersionDate "2017.10.13"]
[SourceQuality "1"]

1. d4 d5 2. Nf3 Nf6 3. c4 Nc6 4. cxd5 Qxd5 5. Nc3 Qa5 6. Bd2 e5 7. e4 Bb4 8. d5 Ne7 9. Nxe5 Nxe4 10. Nxe4 Qxd5 11. Qa4+ Nc6 12. 0-0-0 Qxe4 13. Nxc6 Bxd2+ 14. Rxd2 Qxc6+ 15. Qxc6+ bxc6 16. Be2 Be6 17. Bf3 Ke7 18. Bxc6 Rad8 19. Rhd1 Rd6 20. Ba4 Rhd8 21. b3 Rxd2 22. Rxd2 Rxd2 23. Kxd2 Kd6 24. Kc3 Bd5 25. g3 g5 26. Kb4 Ke5 27. Kc5 f5 28. Bb5 f4 29. Bd3 h6 30. Bc2 Be4 31. Bd1 f3 32. a4 g4 33. b4 Bb7 34. a5 a6 35. Bc2 Be4 36. Ba4 Bb7 37. b5 Ke4 38. Bc2+ Ke5 39. Bd3 axb5 40. Bxb5 Ke4 41. a6 Ba8 42. a7 c6 43. Bxc6+ Kd3 44. Bxa8 Ke2 45. Bb7 Kxf2 46. a8Q 1-0

[Event "Torino Province-ch"]
[Site "Torino"]
[Date "2016.02.02"]
[Round "2"]
[White "D'India, Bruno"]
[Black "Manni, Stefano"]
[Result "1/2-1/2"]
[WhiteElo "1758"]
[BlackElo "2018"]
[PlyCount "91"]
[EventDate "2016.01.26"]
[EventType "swiss"]
[EventRounds "7"]
[EventCountry "ITA"]
[SourceTitle "EXT 2018"]
[Source "ChessBase"]
[SourceDate "2017.10.13"]
[SourceVersion "1"]
[SourceVersionDate "2017.10.13"]
[SourceQuality "1"]

1. d4 d5 2. c4 c6 3. Nf3 Nf6 4. e3 e6 5. Bd3 Nbd7 6. Nbd2 Bd6 7. 0-0 0-0 8. Qc2 Qe7 9. e4 dxe4 10. Nxe4 Nxe4 11. Bxe4 f5 12. Bd3 c5 13. Re1 cxd4 14. Nxd4 Ne5 15. Bf1 Qh4 16. Rxe5 Bxe5 17. Nf3 Qf6 18. Bg5 Qg6 19. Be7 Bc7 20. Bxf8 Kxf8 21. Qa4 e5 22. Rd1 e4 23. Nh4 Qf6 24. Qb4+ Qe7 25. Qxe7+ Kxe7 26. g3 Be6 27. Ng2 Rd8 28. Rxd8 Bxd8 29. Nf4 Bf7 30. Nd5+ Kd6 31. Ne3 Ke5 32. Kg2 Bb6 33. b3 Bh5 34. Nd5 Bd8 35. Kg1 g5 36. Bh3 f4 37. Kf1 Kd4 38. gxf4 gxf4 39. Nxf4 Bf7 40. Be6 Ke5 41. Bxf7 Kxf4 42. Ke2 a5 43. c5 Be7 44. Bd5 Bxc5 45. Bxb7 h6 46. Bd5 1/2-1/2

[Event "Torino Province-ch"]
[Site "Torino"]
[Date "2016.01.26"]
[Round "1"]
[White "De Vito, Gian Marco"]
[Black "D'India, Bruno"]
[Result "0-1"]
[WhiteElo "1580"]
[BlackElo "1758"]
[PlyCount "64"]
[EventDate "2016.01.26"]
[EventType "swiss"]
[EventRounds "7"]
[EventCountry "ITA"]
[SourceTitle "EXT 2018"]
[Source "ChessBase"]
[SourceDate "2017.10.13"]
[SourceVersion "1"]
[SourceVersionDate "2017.10.13"]
[SourceQuality "1"]

1. d4 d5 2. c4 c6 3. Nc3 Nf6 4. Bg5 e6 5. c5 Be7 6. Nf3 Nbd7 7. b4 Qc7 8. e3 e5 9. dxe5 Nxe5 10. Bf4 Nxf3+ 11. Qxf3 Qd8 12. Rb1 Bf5 13. Rb2 0-0 14. Be2 a5 15. 0-0 axb4 16. Rxb4 Qa5 17. Rxb7 Qxc3 18. Rxe7 Qxc5 19. Re5 Bg4 20. Qg3 Bxe2 21. Bh6 g6 22. Bxf8 Kxf8 23. Re1 Qc3 24. f3 Rxa2 25. h3 Nh5 26. Re8+ Kxe8 27. Qb8+ Ke7 28. Kh2 Qxe1 29. Qc7+ Kf8 30. Qd6+ Kg7 31. Qe5+ Nf6 32. f4 Bf3 0-1

[Event "Torino dell'Ariete op"]
[Site "Torino"]
[Date "2015.04.30"]
[Round "6"]
[White "Di Chiara, Mauro"]
[Black "D'India, Bruno"]
[Result "1-0"]
[WhiteElo "1977"]
[BlackElo "1652"]
[PlyCount "73"]
[EventDate "2015.03.26"]
[EventType "swiss"]
[EventRounds "7"]
[EventCountry "ITA"]
[SourceTitle "EXT 2017"]
[Source "ChessBase"]
[SourceDate "2016.10.25"]
[SourceVersion "1"]
[SourceVersionDate "2016.10.25"]
[SourceQuality "1"]

1. e4 e5 2. Nf3 Nc6 3. Bb5 a6 4. Ba4 Nf6 5. d3 d6 6. 0-0 Be7 7. c3 0-0 8. h3 Bd7 9. Re1 Qc8 10. Kh2 Re8 11. d4 b5 12. Bb3 Bf8 13. Ng5 Nd8 14. Nd2 h6 15. Ngf3 c5 16. d5 c4 17. Bc2 g5 18. a4 Rb8 19. axb5 axb5 20. Qe2 g4 21. Nh4 gxh3 22. gxh3 Bxh3 23. Rg1+ Kh7 24. Rg3 Bg4 25. f3 h5 26. Nf1 Be7 27. Ne3 Rg8 28. Nef5 Bxf5 29. Rxg8 Nxg8 30. Nxf5 Ra8 31. Rxa8 Qxa8 32. Qg2 Bf8 33. Qg5 Qa7 34. Be3 Qd7 35. Qxh5+ Bh6 36. Bxh6 f6 37. Bf8+ 1-0

[Event "Torino dell'Ariete op"]
[Site "Torino"]
[Date "2015.04.02"]
[Round "2"]
[White "D'India, Bruno"]
[Black "Longo, Enrico"]
[Result "1-0"]
[WhiteElo "1652"]
[BlackElo "1777"]
[PlyCount "43"]
[EventDate "2015.03.26"]
[EventType "swiss"]
[EventRounds "7"]
[EventCountry "ITA"]
[SourceTitle "EXT 2017"]
[Source "ChessBase"]
[SourceDate "2016.10.25"]
[SourceVersion "1"]
[SourceVersionDate "2016.10.25"]
[SourceQuality "1"]

1. d4 d5 2. Nf3 c6 3. e3 Nf6 4. c4 e6 5. a3 a5 6. b3 Be7 7. Nc3 c5 8. Bb2 0-0 9. Bd3 b6 10. 0-0 Bb7 11. cxd5 cxd4 12. Nxd4 Nxd5 13. Nxd5 exd5 14. Qg4 Bf6 15. Qh3 g6 16. f4 Ba6 17. Bxa6 Nxa6 18. Nc6 Qd6 19. Bxf6 Qxf6 20. Ne5 Rfd8 21. Rac1 Rac8 22. Rxc8 1-0

[Event "Torino Province-ch"]
[Site "Torino"]
[Date "2015.02.26"]
[Round "5"]
[White "Longo, Enrico"]
[Black "D'India, Bruno"]
[Result "0-1"]
[WhiteElo "1777"]
[BlackElo "1652"]
[PlyCount "80"]
[EventDate "2015.01.29"]
[EventType "swiss"]
[EventRounds "7"]
[EventCountry "ITA"]
[SourceTitle "EXT 2017"]
[Source "ChessBase"]
[SourceDate "2016.10.25"]
[SourceVersion "1"]
[SourceVersionDate "2016.10.25"]
[SourceQuality "1"]

1. c4 e5 2. g3 Nf6 3. Nc3 Nc6 4. Bg2 b6 5. d3 Bb7 6. Nf3 d6 7. a3 a5 8. Bd2 Be7 9. 0-0 0-0 10. e4 Re8 11. Nb5 Bf8 12. Bc3 Nb8 13. a4 c6 14. Na3 Nbd7 15. Re1 Nc5 16. Rb1 Nfd7 17. Qc2 Na6 18. Qd2 c5 19. Nb5 Nc7 20. Na3 Ne6 21. b3 Qf6 22. Nb5 Rac8 23. Nh4 Nf4 24. Nf5 Nxg2 25. Kxg2 Qxf5 26. h4 Re6 27. Qe2 Be7 28. Bd2 Rg6 29. f3 Qh5 30. g4 f5 31. Bg5 fxg4 32. fxg4 Rxg5 33. hxg5 Qxg5 34. Rh1 Rf8 35. Rh5 Qg6 36. Rbh1 Nf6 37. R5h4 Nxe4 38. dxe4 Bxe4+ 39. Kg1 Bxh1 40. Rxh1 Rf4 0-1